000 00824nam a22002175i 4500
001 54857
003 ES-MaACL
005 20230906163033.0
007 t|
008 960731s1864 sp ||||1| spa d
040 _aCAM
_bspa
_cCAM
080 _a347.243(460)
100 1 _aGalofre, José.
_953663
245 1 0 _a[Sobre servidumbres pecuarias
_b: exposición presentada al Excmo. Señor Ministro de Fomento /
_cJosé Galofre].
260 _a[Madrid? :
_bs.n.,
_c1864?] (
_fImp. de C. Moliner y Compª)
300 _a30 p. ;
_c15 cm.
500 _aEjemp. sin port., datos tomados del texto.
650 4 _aServidumbre de pastos-
_zEspaña.
_9143214
852 _aES-MaACL
_jT-406-F-4
856 _uhttp://bibliotecadigitalhispanica.bne.es:80/webclient/DeliveryManager?pid=1840166&custom_att_2=simple_viewer
_zIr a la página
999 _c54857
_d54857